| 000 -LEADER |
| fixed length control field |
00560nam a22001817a 4500 |
| 008 - FIXED-LENGTH DATA ELEMENTS--GENERAL INFORMATION |
| fixed length control field |
150601b xxu||||| |||| 00| 0 eng d |
| 020 ## - INTERNATIONAL STANDARD BOOK NUMBER |
| International Standard Book Number |
053460417X |
| 041 0# - LANGUAGE CODE |
| Language code of text/sound track or separate title |
eng |
| 080 ## - UNIVERSAL DECIMAL CLASSIFICATION NUMBER |
| Universal Decimal Classification number |
339 |
| 100 1# - Rafti |
| Rafti |
Spero, Joan Edelman. |
| 245 14 - TITLE STATEMENT |
| Title |
The politics of international economic relations / |
| Statement of responsibility, etc |
Joan Edelman Spero, Jeffrey A. Hart. |
| 260 ## - |
| -- |
Belmont, CA : |
| -- |
Thomson/Wadsworth, |
| -- |
c2003. |
| 300 ## - |
| -- |
498 f. : |
| -- |
me il.; |
| -- |
24 cm. |
| 505 ## - |
| -- |
Index; f.486-498 |
| 650 #0 - |
| -- |
Marrëdhëniet ndërkombëtare ekonomike |
| 700 1# - |
| -- |
Hart, Jeffrey A. |
| 942 ## - ADDED ENTRY ELEMENTS (KOHA) |
| Source of classification or shelving scheme |
|
| Item type |
Books |